|
|
|
|
| LEADER |
00000cam a2200000 7i4500 |
| 001 |
0000003407 |
| 002 |
000003675 |
| 005 |
20000330.0 |
| 020 |
|
|
|a 0721440118
|
| 090 |
0 |
0 |
|a JF
|b SNO
|
| 245 |
0 |
0 |
|a Snow white and the seven dwarfs
|
| 260 |
|
|
|a Loughborough :
|b Ladybird Books ,
|c 1991
|
| 300 |
|
|
|a p.v. :
|b ill. ;
|c 13cm.
|
| 490 |
0 |
|
|a Disney
|
| 650 |
0 |
0 |
|a Children's stories
|
| 999 |
|
|
|a 031615
|b BUKU
|c JUNIOR FICTION
|e PERPUSTAKAAN KOMUNITI PETALING JAYA
|
| 999 |
|
|
|a 031616
|b BUKU
|c PINJAMAN
|e PERPUSTAKAAN KOMUNITI PETALING JAYA
|
| 999 |
|
|
|a 055995
|b BUKU
|c PINJAMAN
|e PERPUSTAKAAN KOMUNITI CAW KOTA DAMANSARA
|
| 999 |
|
|
|a 057785
|b BUKU
|c PINJAMAN
|e PERPUSTAKAAN KOMUNITI PETALING JAYA
|
| 999 |
|
|
|a 057787
|b BUKU
|c PINJAMAN
|e PERPUSTAKAAN KOMUNITI PETALING JAYA
|